| 000 | 01402nam a2200325M 4500 | ||
|---|---|---|---|
| 001 | hightideatgettys00tuck | ||
| 003 | CaSfIA | ||
| 005 | 20210118100151.0 | ||
| 007 | cr|||| | ||
| 008 | 970307r19931958nyub g b 001 0 eng d | ||
| 040 |
_aS@P _cS@P _dCaSfIA |
||
| 020 | _a0914427822 | ||
| 020 | _a9780914427827 | ||
| 035 | _a(OCoLC)429615849 | ||
| 043 | _an-us-pa | ||
| 082 | _a973.7/349 | ||
| 100 | 1 | _aTucker, Glenn. | |
| 245 | 1 | 0 |
_aHigh tide at Gettysburg : _h[electronic resource] _bthe campaign in Pennsylvania / _cby Glenn Tucker. |
| 260 |
_aNew York : _bKonecky & Konecky, _c[1993] |
||
| 300 |
_aviii, 462 p. : _bmaps. ; _c25 cm. |
||
| 500 | _aReprint. Originally published: Indianapolis: Bobbs-Merrill, 1958. | ||
| 500 | _aIncludes index. | ||
| 504 | _aBibliography: p. 434-445. | ||
| 650 | 0 | _aGettysburg Campaign, 1863. | |
| 856 | 4 | 1 |
_uhttp://www.archive.org/details/hightideatgettys00tuck _zFree eBook from the Internet Archive |
| 856 | 4 | 2 |
_uhttp://www.openlibrary.org/books/OL24380946M _zAdditional information and access via Open Library |
| 942 | _cEB | ||
| 506 | _fНеобхідна авторизація на https://archive.org/ (створення облікового запису безкоштовно) | ||
| 506 | _fНеобхідна авторизація на https://openlibrary.org/ (створення облікового запису безкоштовно) | ||
| 999 |
_c506589 _d506589 |
||